| 000 | 00519nam a2200181 a 4500 | ||
|---|---|---|---|
| 005 | 20140310183158.0 | ||
| 008 | 021016s19uu xx 00 eng d | ||
| 050 |
_aRA 643 _b.C764 1990 |
||
| 100 | _aBenenson, Abram S. | ||
| 245 |
_aControl of communicable diseases in man / _cAbram S. Benenson. |
||
| 250 | _a5th | ||
| 260 |
_aSampaloc, Manila : _bC & E Pubshing, _c1990. |
||
| 300 |
_a532 p. : _c19 cm. |
||
| 521 | _aNUR | ||
| 650 |
_aCommunicable diseases _xprevention |
||
| 942 |
_cBK _2lcc _kFOR |
||
| 999 |
_c19811 _d19811 |
||